=LDR 00000nam 2200000 4500 =001 INLIS000000000019902 =005 20130612114920 =008 ***********************************Ind** =035 ##$$0010-061300000019902 =041 ##$$a Ind =082 ##$$a 828.308 72 =090 ##$$a 828.308 72, Che s =100 ##$$a Chance, Jhon Newton =245 ##$$a Screning fog, John Newton Change =260 ##$$a 1960 $b London =300 ##$$a 237 hlm, 31 cm =650 ##$$a Kesusastraan Inggris-Penulisan =850 ##$$a NBPNMAT